[Event "42nd POL-ch (w)"]
[Site "Konin POL"]
[Date "1990.03.??"]
[Round "9"]
[White "Swiecik, Iwona"]
[Black "Jagodzinska, Joanna"]
[Result "1/2-1/2"]
[WhiteElo "2165"]
[BlackElo "2145"]
[EventDate "1990.03.13"]
[PlyCount "77"]

1.e4 c5 2.Nf3 d6 3.d4 cxd4 4.Nxd4 Nf6 5.Nc3 g6 6.Be3 Bg7 7.f3 Nc6 8.Qd2 
O-O 9.Bc4 Qa5 10.Bb3 Bd7 11.O-O-O Rfc8 12.h4 Ne5 13.Kb1 Nc4 14.Bxc4 Rxc4 
15.Nb3 Qe5 16.h5 a5 17.Bf4 Qe6 18.hxg6 fxg6 19.Bh6 Bh8 20.e5 dxe5 21.Ne4 
Nxe4 22.Qxd7 Qxd7 23.Rxd7 a4 24.fxe4 axb3 25.axb3 Rc6 26.c3 Bf6 27.g4 Rd6 
28.Rxb7 g5 29.Rh5 Rd1+ 30.Kc2 Rg1 31.Bxg5 Rg2+ 32.Kd3 Rd8+ 33.Ke3 Rdd2 34.
Bxf6 Rge2+ 35.Kf3 Rf2+ 36.Kg3 Rg2+ 37.Kh4 exf6 38.Kh3 Rh2+ 39.Kg3 1/2-1/2

[Event "42nd POL-ch (w)"]
[Site "Konin POL"]
[Date "1990.03.??"]
[Round "9"]
[White "Erenska-Radzewska, Hanna"]
[Black "Lissowska, Anna"]
[Result "0-1"]
[WhiteElo "2270"]
[BlackElo "2220"]
[EventDate "1990.03.13"]
[PlyCount "102"]

1.e4 e6 2.d4 d5 3.Nc3 Nf6 4.e5 Nfd7 5.f4 c5 6.Nf3 Nc6 7.Be3 cxd4 8.Nxd4 
Qb6 9.Qd2 Qxb2 10.Rb1 Qa3 11.Bb5 Nxd4 12.Bxd4 Bb4 13.O-O a6 14.Rb3 Qa5 15.
Rfb1 Qxb5 16.Rxb4 Qc6 17.f5 b5 18.Qg5 g6 19.fxg6 hxg6 20.Qe3 Rh5 21.g4 Rh4
22.h3 Qc7 23.Rf1 Rh7 24.a4 bxa4 25.Rxa4 Bb7 26.Rfa1 Rc8 27.Ra5 Qd8 28.R5a2
Qh4 29.Rb2 Bc6 30.Rxa6 Qxh3 31.Qxh3 Rxh3 32.Kf2 f6 33.Ne2 fxe5 34.Be3 Nf6 
35.Ba7 Rh2+ 36.Kf1 Nxg4 37.Bg1 Rh7 38.Rb4 d4 39.Bxd4 exd4 40.Nxd4 Bd5 41.
Ke1 Ne3 42.c3 e5 43.Kf2 exd4 44.Rxd4 Rxc3 45.Rxg6 Rh2+ 46.Kg1 Re2 47.Re4+ 
Bxe4 48.Rg8+ Kf7 49.Rf8+ Kg7 50.Rf7+ Kh6 51.Rf6+ Bg6 0-1

[Event "42nd POL-ch (w)"]
[Site "Konin POL"]
[Date "1990.03.??"]
[Round "9"]
[White "Fornal, Agnieszka"]
[Black "Grochot, Czeslawa"]
[Result "1/2-1/2"]
[WhiteElo "2170"]
[BlackElo "2050"]
[EventDate "1990.03.13"]
[PlyCount "105"]

1.d4 Nf6 2.c4 d6 3.Nc3 Nbd7 4.e4 c6 5.Nf3 e5 6.Be2 Be7 7.O-O O-O 8.Bg5 h6 
9.Bh4 a6 10.a4 a5 11.Qc2 Qc7 12.Rad1 Re8 13.h3 Nf8 14.Bg3 Ng6 15.c5 Nh5 
16.cxd6 Bxd6 17.dxe5 Nxe5 18.Bxe5 Bxe5 19.Nxe5 Qxe5 20.Bxh5 Qxh5 21.Rd3 
Qc5 22.Rfd1 Be6 23.Kh1 b5 24.axb5 cxb5 25.Qd2 Bc4 26.Rd7 b4 27.Nd5 Rxe4 
28.f3 Re2 29.Qf4 Rf8 30.Qd4 Qxd4 31.Rxd4 Bxd5 32.R4xd5 Rxb2 33.Rxa5 Rc8 
34.Raa7 Rc1+ 35.Kh2 Rcc2 36.Rxf7 Rxg2+ 37.Kh1 Rg3 38.h4 b3 39.Rfb7 Rgg2 
40.Rxb3 Rh2+ 41.Kg1 Rxb3 42.Kxh2 Rxf3 43.Kg2 Rd3 44.Rb7 Kh7 45.Rb6 h5 46.
Ra6 Rd4 47.Kg3 Rg4+ 48.Kh3 Rf4 49.Ra5 Kh6 50.Rg5 Rf1 51.Kg2 Rf6 52.Kh3 Rg6
53.Ra5 1/2-1/2

[Event "42nd POL-ch (w)"]
[Site "Konin POL"]
[Date "1990.03.??"]
[Round "9"]
[White "Klusek, Danuta"]
[Black "Zietek-Czerwonska, Beata"]
[Result "1-0"]
[WhiteElo "2150"]
[BlackElo "2095"]
[EventDate "1990.03.13"]
[PlyCount "85"]

1.e4 c5 2.Nf3 d6 3.d4 cxd4 4.Nxd4 Nf6 5.Nc3 a6 6.Bc4 g6 7.O-O Bg7 8.Re1 
O-O 9.Bb3 Nbd7 10.Bg5 Nc5 11.Nd5 h6 12.Nxf6+ exf6 13.Bh4 Nxb3 14.axb3 d5 
15.e5 g5 16.Bg3 f5 17.f4 Re8 18.Qd3 Qb6 19.Kh1 Qg6 20.Nb5 Qc6 21.Nd6 Rd8 
22.fxg5 hxg5 23.Nxf5 Bf8 24.Nd4 Qh6 25.Rf1 Bc5 26.Rf6 Qg7 27.Nf5 Bxf5 28.
Rxf5 Rd7 29.Raf1 Rc8 30.Qe2 Rc6 31.Qg4 Rg6 32.Rf6 Rd8 33.Rxg6 Qxg6 34.Rf6 
Qg7 35.Qh5 Re8 36.Rf5 Be7 37.e6 Rf8 38.Be5 f6 39.Bd4 Rc8 40.c3 Rc6 41.Qe8+
Kh7 42.Rf3 g4 43.Rf5 1-0

[Event "42nd POL-ch (w)"]
[Site "Konin POL"]
[Date "1990.03.??"]
[Round "9"]
[White "Majtyka, Bozena"]
[Black "Kaczorowska, Barbara"]
[Result "0-1"]
[WhiteElo "2090"]
[BlackElo "2195"]
[EventDate "1990.03.13"]
[PlyCount "94"]

1.e4 c6 2.d4 d5 3.Nd2 dxe4 4.Nxe4 Bf5 5.Ng3 Bg6 6.h4 h6 7.Nh3 Nf6 8.Nf4 
Bh7 9.Bc4 e6 10.c3 Nd5 11.Ngh5 Nd7 12.Qe2 N7b6 13.Bb3 Qd6 14.Nd3 Nd7 15.
Ne5 N7f6 16.Nf4 Be7 17.Rh3 O-O 18.g4 Nxf4 19.Bxf4 Nd5 20.Bd2 f6 21.Nd3 
Rae8 22.O-O-O b5 23.Re1 Bd8 24.Rf3 Bg6 25.h5 Bf7 26.Bf4 Qe7 27.Qd2 Bc7 28.
Bxc7 Qxc7 29.Nc5 e5 30.Bc2 exd4 31.Rd1 dxc3 32.Qd3 cxb2+ 33.Kb1 g6 34.hxg6
Be6 35.Nxe6 Rxe6 36.Qd2 Kg7 37.Rh1 Rh8 38.g5 hxg5 39.Rxh8 Kxh8 40.Rh3+ Kg8
41.Bb3 Qe5 42.Re3 Qf5+ 43.Kxb2 Rxe3 44.fxe3 Qe5+ 45.Kb1 Kg7 46.Bxd5 Qxd5 
47.Qc2 c5 0-1

[Event "42nd POL-ch (w)"]
[Site "Konin POL"]
[Date "1990.03.??"]
[Round "9"]
[White "Sikora-Gizynska, Bozena"]
[Black "Wiese-Jozwiak, Malgorzata"]
[Result "1/2-1/2"]
[WhiteElo "2230"]
[BlackElo "2225"]
[EventDate "1990.03.13"]
[PlyCount "84"]

1.e4 d5 2.exd5 Qxd5 3.Nc3 Qa5 4.g3 Nf6 5.Bg2 Bg4 6.Nf3 Nc6 7.h3 Bh5 8.O-O 
O-O-O 9.d3 e5 10.Bd2 Bb4 11.g4 Bg6 12.a3 Bxc3 13.Bxc3 Qc5 14.Qc1 Rhe8 15.
Bd2 h5 16.b4 Qd6 17.g5 Nd5 18.Re1 Nd4 19.Qb2 Nxf3+ 20.Bxf3 f6 21.Bg2 Nf4 
22.Bxf4 exf4 23.gxf6 gxf6 24.Qb3 Rg8 25.Kh1 Bf5 26.Qc4 f3 27.Bxf3 Bxh3 28.
Re3 Bd7 29.Qd5 Bc6 30.Qxd6 Rxd6 31.Rg1 Rxg1+ 32.Kxg1 Bxf3 33.Rxf3 Kd7 34.
Kf1 Ke6 35.Ke2 Rd5 36.Rf4 Rf5 37.Rh4 Kd6 38.Ke3 c5 39.c3 Kd5 40.c4+ Kd6 
41.b5 Re5+ 42.Kd2 Rf5 1/2-1/2

[Event "42nd POL-ch (w)"]
[Site "Konin POL"]
[Date "1990.03.??"]
[Round "9"]
[White "Wierzbicka, Ewa"]
[Black "Leszner-Bakalarz, Liliana"]
[Result "1-0"]
[WhiteElo "2030"]
[BlackElo "2175"]
[EventDate "1990.03.13"]
[PlyCount "80"]

1.e4 d6 2.Nc3 g6 3.Bc4 Bg7 4.d3 Nf6 5.f4 c6 6.Nf3 b5 7.Bb3 O-O 8.O-O Na6 
9.Qe1 Nc5 10.Qh4 a5 11.e5 Nxb3 12.axb3 Nd5 13.Ne4 f6 14.Kh1 Nb4 15.exf6 
exf6 16.Qf2 f5 17.Neg5 Nd5 18.c4 Nf6 19.Nd4 Ng4 20.Qg1 Qb6 21.Nde6 Qxg1+ 
22.Kxg1 Re8 23.Nxg7 Kxg7 24.Bd2 h6 25.Nf3 bxc4 26.bxc4 a4 27.b3 a3 28.Bb4 
c5 29.Bxa3 Rb8 30.Rab1 Re3 31.Rfd1 Bb7 32.h3 Nf6 33.Ne1 Nh5 34.b4 Nxf4 35.
bxc5 dxc5 36.Bxc5 Re6 37.Ba7 Ne2+ 38.Kf2 Rbe8 39.Rxb7+ Kg8 40.Rb8 Nc3 1-0

[Event "42nd POL-ch (w)"]
[Site "Konin POL"]
[Date "1990.03.??"]
[Round "10"]
[White "Fornal, Agnieszka"]
[Black "Erenska-Radzewska, Hanna"]
[Result "1/2-1/2"]
[WhiteElo "2170"]
[BlackElo "2270"]
[EventDate "1990.03.13"]
[PlyCount "59"]

1.d4 Nf6 2.c4 d6 3.Nc3 Nbd7 4.e4 e5 5.Nf3 c6 6.Be2 Be7 7.h3 a6 8.O-O O-O 
9.a3 Re8 10.Be3 Qc7 11.Rc1 h6 12.b4 Bf8 13.Qc2 b6 14.d5 c5 15.Nh4 g6 16.
Kh1 Qd8 17.Nf3 Kh7 18.Nh2 Bg7 19.Rb1 Rf8 20.Na4 Qc7 21.Rfc1 h5 22.Rb3 Bh6 
23.bxc5 bxc5 24.Bxh6 Kxh6 25.Rcb1 Kg7 26.Nf1 Qa5 27.Nc3 Rd8 28.Qc1 Rh8 29.
Ne3 Ra7 30.Bf3 1/2-1/2

[Event "42nd POL-ch (w)"]
[Site "Konin POL"]
[Date "1990.03.??"]
[Round "10"]
[White "Jagodzinska, Joanna"]
[Black "Klusek, Danuta"]
[Result "1-0"]
[WhiteElo "2145"]
[BlackElo "2150"]
[EventDate "1990.03.13"]
[PlyCount "75"]

1.e4 e5 2.Nf3 Nc6 3.Bb5 a6 4.Ba4 b5 5.Bb3 Na5 6.d4 exd4 7.Nxd4 Bb7 8.c3 
Nxb3 9.axb3 d6 10.O-O g6 11.Re1 Bg7 12.Bf4 Ne7 13.Nd2 O-O 14.Bg5 Qd7 15.
Qc2 Rfe8 16.b4 Nc6 17.Nxc6 Bxc6 18.f3 h6 19.Bf4 Bb7 20.Nb3 Rad8 21.Rad1 
Qe7 22.Qf2 Kh7 23.Na5 Ba8 24.Qa7 Qf6 25.Bg3 c5 26.bxc5 dxc5 27.Qxc5 Bf8 
28.Qa7 b4 29.Bf2 Rc8 30.Rd7 Kg8 31.Bd4 Qe6 32.Rd1 Be7 33.Rc7 Rcd8 34.Nc4 
Rc8 35.Rxc8 Rxc8 36.Nb6 Rd8 37.Nxa8 Qb3 38.Rf1 1-0

[Event "42nd POL-ch (w)"]
[Site "Konin POL"]
[Date "1990.03.??"]
[Round "10"]
[White "Kaczorowska, Barbara"]
[Black "Sikora-Gizynska, Bozena"]
[Result "1/2-1/2"]
[WhiteElo "2195"]
[BlackElo "2230"]
[EventDate "1990.03.13"]
[PlyCount "128"]

1.d4 Nf6 2.c4 e6 3.Nc3 d5 4.Bg5 Nbd7 5.cxd5 exd5 6.e3 Be7 7.Qc2 c6 8.Bd3 
O-O 9.Nge2 Re8 10.O-O Nf8 11.f3 Nh5 12.Bxe7 Qxe7 13.e4 Be6 14.Rae1 dxe4 
15.fxe4 c5 16.d5 Bg4 17.Nb5 Rec8 18.Bc4 Qe5 19.d6 Be6 20.Nc7 Rxc7 21.dxc7 
Qxc7 22.Bxe6 Nxe6 23.Rd1 Nf6 24.Ng3 Ng4 25.Rf3 Rd8 26.Rfd3 Rxd3 27.Qxd3 c4
28.Qd6 Qxd6 29.Rxd6 Ne5 30.Nf5 Kf8 31.Nd4 Ke7 32.Rd5 Nxd4 33.Rxd4 Ke6 34.
Kf1 b5 35.Rd5 a6 36.Rd8 Nd3 37.b3 Nc1 38.bxc4 Nxa2 39.c5 Nb4 40.Ke2 Ke5 
41.Kf3 a5 42.Kf2 Kxe4 43.Rb8 Nd3+ 44.Ke2 Nxc5 45.Rxb5 Nd3 46.Rxa5 Ne5 47.
h3 h5 48.Kf2 Kf4 49.Ra4+ Kf5 50.Ke3 g5 51.Ra6 Ng6 52.Ra5+ Ne5 53.Kd4 f6 
54.Ke3 h4 55.Ra4 Ng6 56.Rb4 Ne5 57.Rb1 Ng6 58.Kd4 Ne5 59.Kd5 Nd3 60.Rf1+ 
Kg6 61.Ke4 Nc5+ 62.Kf3 Nd3 63.Rd1 Nf4 64.Ra1 Kf5 1/2-1/2

[Event "42nd POL-ch (w)"]
[Site "Konin POL"]
[Date "1990.03.??"]
[Round "10"]
[White "Leszner-Bakalarz, Liliana"]
[Black "Majtyka, Bozena"]
[Result "1-0"]
[WhiteElo "2175"]
[BlackElo "2090"]
[EventDate "1990.03.13"]
[PlyCount "61"]

1.e4 e5 2.d4 exd4 3.Qxd4 Nc6 4.Qe3 Nf6 5.e5 Ng4 6.Qe4 d5 7.exd6+ Be6 8.Ba6
bxa6 9.Qxc6+ Bd7 10.Qe4+ Be6 11.h3 Nf6 12.Qc6+ Bd7 13.Qxc7 Qxc7 14.dxc7 
Bd6 15.Ne2 Bxc7 16.Nbc3 O-O 17.O-O Rab8 18.b3 Rfc8 19.Bb2 Ba5 20.Rac1 Bf5 
21.Rfd1 Bxc3 22.Nxc3 Rd8 23.g4 Bg6 24.f4 Rxd1+ 25.Rxd1 h5 26.f5 Bh7 27.g5 
Ne8 28.Nd5 Rb7 29.Ba3 Kh8 30.Ne7 Rb8 31.Rd7 1-0

[Event "42nd POL-ch (w)"]
[Site "Konin POL"]
[Date "1990.03.??"]
[Round "10"]
[White "Lissowska, Anna"]
[Black "Wierzbicka, Ewa"]
[Result "1-0"]
[WhiteElo "2220"]
[BlackElo "2030"]
[EventDate "1990.03.13"]
[PlyCount "51"]

1.d4 d6 2.c4 e5 3.Nf3 exd4 4.Nxd4 g6 5.Nc3 Bg7 6.e4 Nc6 7.Nc2 Nf6 8.Be2 
O-O 9.O-O Re8 10.f3 b6 11.Be3 Bb7 12.Qd2 Qd7 13.Nd5 Ne7 14.Nd4 c6 15.Nxf6+
Bxf6 16.Rad1 Rad8 17.b4 Bg7 18.Bf4 Be5 19.Bg5 Qc7 20.f4 Bh8 21.f5 d5 22.f6
dxe4 23.Ne6 fxe6 24.f7+ Kf8 25.fxe8=Q+ Kxe8 26.Qxd8+ 1-0

[Event "42nd POL-ch (w)"]
[Site "Konin POL"]
[Date "1990.03.??"]
[Round "10"]
[White "Grochot, Czeslawa"]
[Black "Detko, Joanna"]
[Result "1-0"]
[WhiteElo "2050"]
[BlackElo "2090"]
[EventDate "1990.03.13"]
[PlyCount "123"]

1.e4 e5 2.Nf3 Nc6 3.Bc4 Nf6 4.d3 Bc5 5.c3 Bb6 6.O-O d6 7.b4 Be6 8.Nbd2 
Bxc4 9.Nxc4 Ne7 10.a4 c6 11.Nxb6 axb6 12.Bg5 Ng6 13.Nh4 h6 14.Nxg6 fxg6 
15.Be3 O-O 16.f4 exf4 17.Bxf4 g5 18.Be3 Nd7 19.Qb3+ Kh8 20.Rxf8+ Qxf8 21.
Qe6 Ne5 22.Rf1 Qe8 23.Qxe8+ Rxe8 24.Bxb6 Nxd3 25.Rd1 Nf4 26.Re1 Nd3 27.Rd1
Nf4 28.Re1 Kg8 29.g3 Ng6 30.Rd1 Rxe4 31.Rxd6 Ne5 32.Kf2 g4 33.Rd4 Rxd4 34.
Bxd4 Nf3 35.Ke2 Kf7 36.h4 g5 37.h5 Kg8 38.Kd3 Kf7 39.Kc4 Nd2+ 40.Kd3 Nf1 
41.Be5 Ke6 42.Bb8 Nh2 43.a5 Nf3 44.c4 Ne1+ 45.Kd2 Nf3+ 46.Kc3 Kd7 47.b5 
Kc8 48.Bd6 Kd7 49.a6 bxa6 50.bxa6 Kc8 51.Bf8 Nh4 52.gxh4 gxh4 53.Bd6 g3 
54.Kb4 g2 55.Bh2 h3 56.Kc5 g1=Q+ 57.Bxg1 Kb8 58.Kxc6 Ka8 59.Kd6 Kb8 60.Ke6
h2 61.Bxh2+ Ka7 62.Bf4 1-0

[Event "42nd POL-ch (w)"]
[Site "Konin POL"]
[Date "1990.03.??"]
[Round "10"]
[White "Wiese-Jozwiak, Malgorzata"]
[Black "Swiecik, Iwona"]
[Result "1/2-1/2"]
[WhiteElo "2225"]
[BlackElo "2165"]
[EventDate "1990.03.13"]
[PlyCount "54"]

1.e4 c5 2.Nf3 Nc6 3.Bb5 g6 4.O-O Bg7 5.Re1 Nf6 6.e5 Nd5 7.Nc3 Nc7 8.Bxc6 
bxc6 9.Ne4 Ne6 10.d3 O-O 11.Be3 d6 12.exd6 exd6 13.Qc1 Rb8 14.Rb1 f5 15.
Neg5 f4 16.Nxe6 Bxe6 17.Bd4 cxd4 18.Rxe6 Qd7 19.Re4 Qf7 20.Ng5 Qxa2 21.b3 
Qa5 22.Ne6 Rf7 23.Nxg7 Kxg7 24.Rxf4 Rbf8 25.Rxf7+ Rxf7 26.Qe1 Qe5 27.Qxe5+
dxe5 1/2-1/2

[Event "42nd POL-ch (w)"]
[Site "Konin POL"]
[Date "1990.03.??"]
[Round "10"]
[White "Zietek-Czerwonska, Beata"]
[Black "Dabrowska, Krystyna"]
[Result "1/2-1/2"]
[WhiteElo "2095"]
[BlackElo "2160"]
[EventDate "1990.03.13"]
[PlyCount "25"]

1.b3 Nf6 2.Bb2 e6 3.Nf3 Be7 4.e3 O-O 5.d4 b6 6.Bd3 Bb7 7.O-O c5 8.Nbd2 d6 
9.c4 Nbd7 10.Ng5 h6 11.Nge4 cxd4 12.Bxd4 d5 13.cxd5 1/2-1/2

[Event "42nd POL-ch (w)"]
[Site "Konin POL"]
[Date "1990.03.??"]
[Round "11"]
[White "Swiecik, Iwona"]
[Black "Kaczorowska, Barbara"]
[Result "1-0"]
[WhiteElo "2165"]
[BlackElo "2195"]
[EventDate "1990.03.13"]
[PlyCount "51"]

1.e4 c6 2.d4 d5 3.e5 Bf5 4.Nc3 e6 5.g4 Bg6 6.Nge2 c5 7.h4 h6 8.Be3 Nd7 9.
Qd2 Ne7 10.h5 Bh7 11.f4 Nc6 12.O-O-O Qa5 13.dxc5 Nb4 14.Nd4 Nxa2+ 15.Nxa2 
Qxa2 16.Qc3 Bxc5 17.Bb5 Bxd4 18.Bxd4 a6 19.Bxd7+ Kxd7 20.Qb4 Rhc8 21.Qd6+ 
Ke8 22.Bc5 Rxc5 23.Qxc5 Kd7 24.f5 Qa1+ 25.Kd2 Qa4 26.fxe6+ 1-0

[Event "42nd POL-ch (w)"]
[Site "Konin POL"]
[Date "1990.03.??"]
[Round "11"]
[White "Dabrowska, Krystyna"]
[Black "Jagodzinska, Joanna"]
[Result "0-1"]
[WhiteElo "2160"]
[BlackElo "2145"]
[EventDate "1990.03.13"]
[PlyCount "70"]

1.e4 c5 2.Nf3 d6 3.d4 cxd4 4.Qxd4 Nc6 5.Bb5 Bd7 6.Bxc6 Bxc6 7.Nc3 Nf6 8.
Bg5 e6 9.O-O-O Be7 10.Rhe1 O-O 11.Kb1 Qc7 12.Qd2 Rfc8 13.Nd4 a6 14.f3 b5 
15.Nce2 Be8 16.g4 a5 17.Ng3 b4 18.Nh5 Qd8 19.h4 Rab8 20.Rg1 Nd7 21.f4 Nc5 
22.Bxe7 Qxe7 23.Qg2 f6 24.Ng3 Rc7 25.g5 a4 26.Nf1 Bg6 27.f5 exf5 28.exf5 
Bh5 29.Qd5+ Kh8 30.gxf6 gxf6 31.Nf3 Ne4 32.Rd3 Bxf3 33.Rxf3 Nc3+ 34.bxc3 
bxc3+ 35.Ka1 Qe1+ 0-1

[Event "42nd POL-ch (w)"]
[Site "Konin POL"]
[Date "1990.03.??"]
[Round "11"]
[White "Detko, Joanna"]
[Black "Zietek-Czerwonska, Beata"]
[Result "1/2-1/2"]
[WhiteElo "2090"]
[BlackElo "2095"]
[EventDate "1990.03.13"]
[PlyCount "161"]

1.Nf3 Nf6 2.g3 g6 3.Bg2 Bg7 4.d4 d6 5.O-O O-O 6.c4 Nbd7 7.Nc3 c6 8.Bg5 h6 
9.Bxf6 Bxf6 10.Qd2 Bg7 11.Rfc1 e5 12.Ne4 Qe7 13.dxe5 dxe5 14.Rd1 Nc5 15.
Qb4 b6 16.Ne1 f5 17.Nxc5 bxc5 18.Qa4 Rb8 19.Rab1 e4 20.Qc2 Be6 21.e3 Rfd8 
22.b3 Bf7 23.Qe2 Rb7 24.f3 exf3 25.Bxf3 Rbd7 26.Kf2 Qf6 27.Rxd7 Rxd7 28.
Rd1 Rxd1 29.Qxd1 Qb2+ 30.Qe2 Qf6 31.Nd3 Qd6 32.Nb2 Qe5 33.Na4 Be8 34.Qd2 
Bf6 35.Qa5 Bg5 36.Qxc5 Qxc5 37.Nxc5 Be7 38.Nd3 c5 39.e4 fxe4 40.Bxe4 Kg7 
41.Ne5 Bd6 42.Nd3 a5 43.Ke3 Kf6 44.Bb7 g5 45.Nf2 Bf8 46.a3 Bg6 47.Be4 Bf7 
48.Ng4+ Ke7 49.Ne5 Be8 50.Nd3 Kd6 51.Kd2 Bg7 52.b4 axb4 53.axb4 cxb4 54.
c5+ Ke6 55.Nxb4 Bf8 56.Na6 Ke5 57.Bg2 Bb5 58.Nc7 Ba4 59.c6 Kd6 60.Ne8+ Ke7
61.c7 Bd7 62.Bc6 Bc8 63.Kd3 Ke6 64.Kc4 Ba3 65.Kb5 Bb2 66.Bf3 Ke7 67.Bh5 
Bd4 68.Kc6 Bg1 69.h3 Bxh3 70.Kb7 Bh2 71.g4 Bg2+ 72.Kb8 Kd7 73.Bg6 Bf3 74.
Nf6+ Kc6 75.Be8+ Kb6 76.Nd7+ Ka6 77.Nc5+ Kb6 78.Na4+ Ka5 79.Bd7 Bxg4 80.
Bxg4 Kxa4 81.Kb7 1/2-1/2

[Event "42nd POL-ch (w)"]
[Site "Konin POL"]
[Date "1990.03.??"]
[Round "11"]
[White "Klusek, Danuta"]
[Black "Wiese-Jozwiak, Malgorzata"]
[Result "1/2-1/2"]
[WhiteElo "2150"]
[BlackElo "2225"]
[EventDate "1990.03.13"]
[PlyCount "73"]

1.e4 d5 2.exd5 Qxd5 3.Nc3 Qa5 4.d4 Nf6 5.Nf3 Bg4 6.h3 Bh5 7.g4 Bg6 8.Ne5 
e6 9.Nc4 Qa6 10.h4 Bb4 11.Rh3 Nbd7 12.h5 Be4 13.Nd2 Qb6 14.Ncxe4 Nxe4 15.
c3 Nxd2 16.Bxd2 Be7 17.Qc2 O-O-O 18.O-O-O h6 19.Be2 Kb8 20.Kb1 Nf6 21.Bc1 
c5 22.Bf4+ Ka8 23.Be5 Rhg8 24.Rhd3 Qa5 25.dxc5 Qxc5 26.Rxd8+ Rxd8 27.Rxd8+
Bxd8 28.Bd4 Qc6 29.Qd1 Bb6 30.Bf3 Qd6 31.Bxb6 Qxb6 32.Qd2 a6 33.Kc2 Kb8 
34.Qf4+ Ka8 35.Qd2 Kb8 36.Qf4+ Ka8 37.Qd2 1/2-1/2

[Event "42nd POL-ch (w)"]
[Site "Konin POL"]
[Date "1990.03.??"]
[Round "11"]
[White "Majtyka, Bozena"]
[Black "Lissowska, Anna"]
[Result "1/2-1/2"]
[WhiteElo "2090"]
[BlackElo "2220"]
[EventDate "1990.03.13"]
[PlyCount "112"]

1.e4 e6 2.d4 d5 3.exd5 exd5 4.Bd3 Bd6 5.Nf3 Ne7 6.O-O h6 7.Re1 O-O 8.h3 
Bf5 9.Bxf5 Nxf5 10.Nbd2 Nd7 11.b3 Qf6 12.Bb2 Rfe8 13.Nf1 c6 14.N1h2 h5 15.
Qd2 Nf8 16.Ne5 Re7 17.Nhf3 Rae8 18.Re2 Nh4 19.Nxh4 Qxh4 20.Rae1 Ne6 21.Nf3
Qf6 22.h4 Qg6 23.Ne5 Qf5 24.Qd3 Qf6 25.g3 g5 26.Nf3 gxh4 27.Nxh4 Ng5 28.
Rxe7 Rxe7 29.Rxe7 Bxe7 30.Qf5 Qxf5 31.Nxf5 Bf6 32.Kg2 c5 33.Ne3 Ne6 34.
Nxd5 Bxd4 35.c3 Be5 36.f4 Bg7 37.Bc1 Kf8 38.f5 Nd8 39.Be3 b6 40.f6 Bh8 41.
Kh3 Ke8 42.Bh6 Ne6 43.Kh4 Kd7 44.Kxh5 Kd6 45.c4 Ke5 46.Bg5 Nf8 47.g4 b5 
48.Bf4+ Ke4 49.Bd6 Nd7 50.g5 bxc4 51.bxc4 Kd4 52.Ne7 Kxc4 53.Bf4 Bxf6 54.
gxf6 Nxf6+ 55.Kg5 Nd5 56.Nxd5 Kxd5 1/2-1/2

[Event "42nd POL-ch (w)"]
[Site "Konin POL"]
[Date "1990.03.??"]
[Round "11"]
[White "Sikora-Gizynska, Bozena"]
[Black "Leszner-Bakalarz, Liliana"]
[Result "1/2-1/2"]
[WhiteElo "2230"]
[BlackElo "2175"]
[EventDate "1990.03.13"]
[PlyCount "43"]

1.e4 d6 2.d4 g6 3.Nf3 Bg7 4.Be2 Nf6 5.Nc3 O-O 6.O-O Nc6 7.Re1 e5 8.dxe5 
Nxe5 9.Nxe5 dxe5 10.Qxd8 Rxd8 11.Bg5 c6 12.Rad1 Be6 13.f3 h6 14.Be3 b5 15.
Rxd8+ Rxd8 16.Bxa7 b4 17.Nd1 Ra8 18.Bc5 Bf8 19.Bxf8 Kxf8 20.c3 c5 21.cxb4 
cxb4 22.a3 1/2-1/2

[Event "42nd POL-ch (w)"]
[Site "Konin POL"]
[Date "1990.03.??"]
[Round "11"]
[White "Wierzbicka, Ewa"]
[Black "Fornal, Agnieszka"]
[Result "1-0"]
[WhiteElo "2030"]
[BlackElo "2170"]
[EventDate "1990.03.13"]
[PlyCount "103"]

1.g3 d5 2.Bg2 Nf6 3.Nf3 Bf5 4.d3 h6 5.O-O e6 6.c4 c6 7.b3 Be7 8.Bb2 O-O 9.
Nbd2 Nbd7 10.Re1 Bh7 11.Bc3 c5 12.d4 Rc8 13.Ne5 b6 14.e4 cxd4 15.Bxd4 dxe4
16.Nxe4 Nxe4 17.Bxe4 Bxe4 18.Rxe4 Nf6 19.Re2 Qc7 20.Rd2 Rfd8 21.Qe2 Bb4 
22.Rd3 Rxd4 23.Rxd4 Bc3 24.Rad1 Bxd4 25.Rxd4 a5 26.Nf3 Rd8 27.Qd3 Rxd4 28.
Qxd4 Nd7 29.a3 Nc5 30.b4 axb4 31.axb4 Nd7 32.Nd2 Kh8 33.Nb3 Ne5 34.Nd2 Nd7
35.Ne4 Ne5 36.Nd2 Nd7 37.Kf1 Kg8 38.Ne4 Qc6 39.Kg1 Qc7 40.c5 bxc5 41.Nxc5 
Nxc5 42.Qxc5 Qd7 43.b5 Qd1+ 44.Kg2 Qe2 45.Qc6 e5 46.b6 e4 47.Qe8+ Kh7 48.
Qxf7 Qb5 49.b7 e3 50.fxe3 Qc6+ 51.Kh3 Qb5 52.e4 1-0

[Event "42nd POL-ch (w)"]
[Site "Konin POL"]
[Date "1990.03.??"]
[Round "12"]
[White "Erenska-Radzewska, Hanna"]
[Black "Wierzbicka, Ewa"]
[Result "1-0"]
[WhiteElo "2270"]
[BlackElo "2030"]
[EventDate "1990.03.13"]
[PlyCount "89"]

1.e4 c5 2.Nf3 d6 3.d4 cxd4 4.Nxd4 Nf6 5.Nc3 a6 6.Be3 e5 7.Nf3 h6 8.Bc4 Be6
9.Nd2 Be7 10.Qf3 Bg4 11.Qg3 h5 12.h4 Qc8 13.f3 Be6 14.Na4 Bd8 15.Bxe6 Qxe6
16.Nb6 Bxb6 17.Bxb6 O-O 18.Be3 Nc6 19.c3 d5 20.O-O Rad8 21.Bg5 d4 22.cxd4 
Nxd4 23.Qf2 Rc8 24.a3 Rc2 25.Rab1 Nb3 26.Qe1 Rd8 27.Rf2 Rdc8 28.Nf1 Qb6 
29.Be3 Qb5 30.Kh1 R2c7 31.Qe2 Qa4 32.Ng3 Nd4 33.Qd1 Qxd1+ 34.Rxd1 Nb3 35.
Nf5 Kf8 36.Bd2 a5 37.Bc3 Nd7 38.Rd5 f6 39.Bxa5 Rc1+ 40.Kh2 Ndc5 41.Bc3 Na4
42.Bb4+ Kf7 43.Rd7+ Kg8 44.Rxg7+ Kh8 45.Rxb7 1-0

[Event "42nd POL-ch (w)"]
[Site "Konin POL"]
[Date "1990.03.??"]
[Round "12"]
[White "Fornal, Agnieszka"]
[Black "Majtyka, Bozena"]
[Result "1/2-1/2"]
[WhiteElo "2170"]
[BlackElo "2090"]
[EventDate "1990.03.13"]
[PlyCount "84"]

1.d4 d5 2.c4 c6 3.cxd5 cxd5 4.Nc3 Nf6 5.Nf3 e6 6.Bg5 Be7 7.e3 O-O 8.Bd3 b6
9.Qe2 Bb7 10.Bxf6 Bxf6 11.O-O Nc6 12.a3 Qe7 13.Rfd1 g6 14.Rac1 Rac8 15.b4 
Rfd8 16.Qa2 Bg7 17.Bb5 Nb8 18.Ba4 Ba6 19.b5 Bb7 20.Bb3 Rc7 21.Rc2 Rdc8 22.
Rdc1 Qd6 23.a4 Nd7 24.Ne2 a5 25.Rxc7 Rxc7 26.Rxc7 Qxc7 27.Qc2 Qxc2 28.Bxc2
Kf8 29.Kf1 Ke7 30.h4 h6 31.Ke1 Kd6 32.Kd2 Bf6 33.g3 g5 34.hxg5 hxg5 35.Bh7
Be7 36.Bc2 Bc8 37.Nc3 f6 38.Bb3 Nf8 39.Bc2 Bd7 40.Ne2 Be8 41.Nh2 Bg6 42.
Bxg6 Nxg6 1/2-1/2

[Event "42nd POL-ch (w)"]
[Site "Konin POL"]
[Date "1990.03.??"]
[Round "12"]
[White "Jagodzinska, Joanna"]
[Black "Detko, Joanna"]
[Result "1-0"]
[WhiteElo "2145"]
[BlackElo "2090"]
[EventDate "1990.03.13"]
[PlyCount "139"]

1.e4 e5 2.Nf3 Nc6 3.Bb5 Bc5 4.c3 a6 5.Ba4 b5 6.Bc2 Qe7 7.O-O Nf6 8.d4 Bb6 
9.d5 Nb8 10.a4 Bb7 11.axb5 axb5 12.Rxa8 Bxa8 13.Na3 b4 14.cxb4 O-O 15.b5 
d6 16.Qe2 Ng4 17.h3 Nf6 18.Nh4 Bb7 19.Nf5 Qd8 20.Rd1 Bc8 21.Qf3 Kh8 22.Bg5
Bxf5 23.Qxf5 Nbd7 24.Qf3 h6 25.Bc1 Rg8 26.g4 Nh7 27.Kg2 Bd4 28.Qg3 g5 29.
Rh1 Ndf8 30.h4 Ng6 31.hxg5 hxg5 32.Qh2 Rg7 33.Kf1 Kg8 34.Qg3 Qd7 35.f3 Nf4
36.Qe1 Rg6 37.Qb4 Rf6 38.Nc4 Qxg4 39.fxg4 Nd3+ 40.Ke2 Nxb4 41.Bb1 Rf2+ 42.
Kd1 Rg2 43.Ne3 Bxe3 44.Bxe3 Rxb2 45.Kc1 Rb3 46.Kd2 Kg7 47.Ba7 Nf6 48.Bb8 
Ne8 49.Rg1 Ra3 50.Rc1 Ra5 51.b6 cxb6 52.Rc8 Ra8 53.Rxe8 Na6 54.Rd8 Rxb8 
55.Rxd6 Nc5 56.Kc3 Kf8 57.Kc4 Ke7 58.Rh6 Nd7 59.d6+ Kf8 60.Rh8+ Kg7 61.
Rxb8 Nxb8 62.Kd5 Kf6 63.Bd3 Kg6 64.Bb5 Kf6 65.Ba4 Na6 66.Kc6 Nc5 67.Kc7 
Ne6+ 68.Kc8 Nc5 69.d7 Nxd7 70.Kxd7 1-0

[Event "42nd POL-ch (w)"]
[Site "Konin POL"]
[Date "1990.03.??"]
[Round "12"]
[White "Kaczorowska, Barbara"]
[Black "Klusek, Danuta"]
[Result "1-0"]
[WhiteElo "2195"]
[BlackElo "2150"]
[EventDate "1990.03.13"]
[PlyCount "95"]

1.d4 Nf6 2.c4 c5 3.d5 b5 4.cxb5 a6 5.f3 d6 6.e4 g6 7.Nc3 Bg7 8.a4 O-O 9.
Bc4 Nbd7 10.Nge2 Ne5 11.b3 Nfd7 12.O-O Nb6 13.Bd3 Nxd3 14.Qxd3 axb5 15.Bb2
bxa4 16.Nxa4 Ba6 17.Qc2 Nxa4 18.Bxg7 Kxg7 19.Rxa4 Qb6 20.Rfa1 c4+ 21.Kh1 
cxb3 22.Qb2+ Kg8 23.Nd4 Bb7 24.Rxa8 Rxa8 25.Rxa8+ Bxa8 26.h3 Bb7 27.Nxb3 
Ba6 28.Qc3 h5 29.Nd4 Qc5 30.Qb2 Qc7 31.Nc6 Bb7 32.Qb5 Kf8 33.Qb2 Kg8 34.
Qd4 Bc8 35.Qe3 Kg7 36.Qc3+ Kg8 37.Nxe7+ Qxe7 38.Qxc8+ Kh7 39.Qc3 f6 40.Qd4
Kg7 41.h4 Qc7 42.Kh2 Qc1 43.Kg3 Qe1+ 44.Qf2 Qc3 45.Kh3 Qc1 46.Qg3 Qh1+ 47.
Qh2 Qe1 48.Qxd6 1-0

[Event "42nd POL-ch (w)"]
[Site "Konin POL"]
[Date "1990.03.??"]
[Round "12"]
[White "Leszner-Bakalarz, Liliana"]
[Black "Swiecik, Iwona"]
[Result "0-1"]
[WhiteElo "2175"]
[BlackElo "2165"]
[EventDate "1990.03.13"]
[PlyCount "104"]

1.e4 c5 2.b3 d6 3.f4 Nc6 4.Nf3 Nf6 5.Nc3 e6 6.Bb5 Bd7 7.O-O Qb6 8.Bb2 
O-O-O 9.a4 a6 10.Be2 d5 11.e5 c4+ 12.Kh1 Ng4 13.Ng5 Nh6 14.Na2 Be7 15.Rb1 
cxb3 16.cxb3 f6 17.Nf3 Ng4 18.Rc1 Kb8 19.Rc3 fxe5 20.fxe5 Rhf8 21.d4 Nh6 
22.Qd3 Nf5 23.Rc2 h5 24.Rfc1 g5 25.b4 g4 26.b5 gxf3 27.bxc6 fxg2+ 28.Kg1 
Bxc6 29.a5 Qxa5 30.Qb3 Ba4 31.Qc3 Qxc3 32.Rxc3 Bg5 33.Rb1 Be3+ 34.Kxg2 
Bxd4 35.Rcc1 Ne3+ 36.Kh3 Bxb2 37.Rxb2 Rc8 38.Rcb1 Rc7 39.Bxa6 Rff7 40.Kh4 
Bd1 41.Nb4 Bg4 42.Bd3 Kc8 43.Ra1 Nc4 44.Ra8+ Kd7 45.Bxc4 Rxc4 46.Rb8 Bf5+ 
47.Kg3 h4+ 48.Kf2 Bh3+ 49.Ke2 Re4+ 50.Kd2 Rf2+ 51.Kc3 Rxb2 52.Rxb7+ Kc8 
0-1